000 00725nam a22002177a 4500
003 OSt
005 20260223072910.0
008 260223b |||||||| |||| 00| 0 eng d
020 _a978073606790
040 _aDWCL-Main Lib
_cOC
082 _aProf. 792.8 P785 2009
100 _aPomer, Janice
245 _aDance Composition : an interrelated arts approach
260 _aChampaign, 1L. :
_bHuman Kinetics,
_cc2009
300 _axix, 188 p. :
_billustrations ;
_c 28 cm
_e+ 1 cd
650 _aChoreography - study and teaching.
650 _aDance - production and direction - study and teaching.
650 _aDance - Study and teaching.
650 _aModern dance - study and teaching.
942 _2ddc
_cPROF.
_mProf.
_n0
999 _c8495
_d8495